000 01189nam a2200265 a 4500
005 20170920092812.0
008 981026s1998 dcuao s 000 0 eng
020 _a1886938369
040 _aDLC
_cDLC
_dCO-BoIAVH
041 0 _aspa
044 _ack
082 0 4 _a339.4
_bF11i
245 0 0 _aFacing up to inequality in Latin America :
_beconomic and social progress in Latin America : 1998-1999 report.
246 1 _aEconomic and social progress in Latin America, 1998-1999 report.
260 _aWashington, D.C. (EE.UU.) :
_bInter-American Development Bank,
_c1998.
300 _a282 páginas :
_bilustraciones a color, tablas y gráficas ;
_c28 x 22 cm.
504 _aIncluye referencias bibliográficas.
580 _aIssued as 1998/1999 report of Economic and social progress in Latin America.
650 2 6 _aDistribución del ingreso
_zAmérica Latina
_xEstadísticas
651 2 6 _aAmérica Latina
_xCondiciones económicas
_y1982-
651 2 6 _aAmérica Latina
_xCondiciones sociales
_y1982-
710 2 _aInter-American Development Bank.
772 1 _tEconomic and social progress in Latin America.
_x0095-2850
_w(UkOxU)011827437
942 _2ddc
_cLIBRO
999 _c5609
_d5609